[Event "1st Guwahati GM Open 2022"]
[Site "Guwahati"]
[Date "2022.03.14"]
[Round "1.1"]
[White "Ponkratov, Pavel"]
[Black "Biraj Baruah"]
[Result "1-0"]
[WhiteElo "2641"]
[BlackElo "1489"]
[Annotator "TA"]
[PlyCount "93"]
[EventDate "2022.03.15"]
[EventCountry "IND"]
[SourceTitle "playchess.com"]
[Source "ChessBase"]
[SourceQuality "1"]

{[%evp 12,93,38,30,60,58,64,70,52,53,66,73,84,68,68,73,64,61,122,97,118,106,148,109,95,93,102,91,98,83,83,87,110,97,92,92,189,185,211,75,205,77,70,88,104,104,90,108,114,70,71,67,68,68,282,279,528,547,539,525,552,542,503,488,1472,1487,924,938,4602,4602,4598,4594,4005,4005,750,743,29978,29979,29979,29980,29981,29982,29982,29983]} 1. d4 d5 2. c4 e6 3. Nc3 Nf6 4. Nf3 c5 5. cxd5 exd5 6. Bg5 Be6 7. e4 dxe4 {[#] D32: Tarrasch Defence: Sidelines and lines without g3.} 8. Nxe4 Be7 (8... Nbd7 9. Bxf6) 9. Nxc5 {White is more active.} Bxc5 {White is slightly better.} 10. dxc5 Qa5+ 11. Qd2 $1 {[#]} Qxd2+ $146 ({Predecessor:} 11... Qxc5 12. Bxf6 gxf6 13. Be2 Nc6 14. O-O O-O 15. Rac1 Qf5 16. Bd3 Qh5 17. Qf4 Rfd8 {½-½ (48) Haba,Z (2236)-Vavrinec,T (2018) Ricany 2012}) 12. Bxd2 Nbd7 13. Bb5 O-O 14. b4 Ne4 (14... a6 $14 15. Bxd7 Bxd7) 15. O-O Nxd2 16. Nxd2 Rfd8 ({Black should try} 16... a5) 17. Nf3 a5 18. a3 Nf6 {[%cal Bd7f6,Bf6e4,Be4f2][%mdl 32]} 19. Rab1 Ne4 {Strongly threatening ...Nc3.} 20. Rfc1 {Prevents Nc3. Black must now prevent c6.} axb4 21. axb4 Ra2 22. c6 bxc6 23. Bxc6 Nxf2 {[#]} (23... Nd2 $16) 24. b5 $1 $18 Bf5 25. Rb3 (25. Ra1 $18 Rb2 26. Nh4) 25... Ne4 (25... Be6 $16 {is a better defense.} 26. Rb4 Rb8) 26. Re1 $40 {[%mdl 128] Black is in trouble.} (26. b6 $18 Rc2 27. Rbb1 Rxc1+ 28. Rxc1) 26... Nc5 $16 27. Rc3 Ne6 28. b6 {aiming for b7.} Rb2 29. b7 {Ra3 is the strong threat.} g6 30. Ra1 (30. Ne5 $16) 30... Kg7 $14 (30... Nf4 $2 31. Ra8 Rb1+ 32. Kf2 Rb2+ 33. Kf1 Rb1+ 34. Ne1 $18) 31. h3 Nf4 {Hoping for ...Ne2+.} 32. Rc4 Nxg2 {Black is on the road to losing.} (32... Rxg2+ $2 33. Kh1 $18) (32... Rd6 $14) 33. Rd4 $18 Rxd4 (33... Bd7 34. Bxd7 Rxb7) 34. Nxd4 Nf4 35. Nxf5+ gxf5 {[%mdl 4096] Endgame KRB-KRN} 36. Ra8 Nxh3+ 37. Kf1 f4 (37... Nf4 $142 38. b8=Q Rxb8) 38. b8=Q Rxb8 39. Rxb8 h5 40. Rb5 Kh6 41. Rf5 Kg6 42. Be4 Ng5 43. Rxf4+ Nxe4 44. Rxe4 {White mates.} Kg5 45. Kg2 f5 46. Ra4 h4 47. Kh3 {Weighted Error Value: White=0.15 (very precise) /Black=0.46} 1-0

[Event "1st Guwahati GM Open 2022"]
[Site "Guwahati"]
[Date "2022.03.14"]
[Round "1.2"]
[White "Sherla Prathamesh"]
[Black "Delgado Ramirez, Neuris"]
[Result "0-1"]
[WhiteElo "1484"]
[BlackElo "2615"]
[Annotator "TA"]
[PlyCount "72"]
[EventDate "2022.03.15"]
[EventCountry "IND"]
[SourceTitle "playchess.com"]
[Source "ChessBase"]
[SourceQuality "1"]

{[%evp 9,71,0,0,-7,0,-5,-12,-27,-32,-35,-27,-55,-64,-64,-60,-98,-68,-83,-74,-92,-92,-112,-45,-44,-4,-47,-19,-56,-8,-3,-8,-87,-93,-112,-107,-125,-115,-124,-86,-87,-75,-74,-21,-32,-27,-218,-214,-215,-202,-204,-179,-491,-510,-993,-984,-962,-962,-962,-912,-29997,-29998,-29998,-29999,-29999]} 1. c4 b6 2. g3 Bb7 3. Nf3 e5 4. d3 Bb4+ 5. Bd2 Bxf3 6. exf3 {A10: English Opening: Unusual Replies for Black.} Bxd2+ {[#]} 7. Nxd2 $146 ({Reject} 7. Kxd2 Qg5+ 8. Kc2 Nc6 $15) ({Predecessor:} 7. Qxd2 Qf6 8. Bg2 Nc6 9. Nc3 Nge7 10. O-O O-O 11. Ne2 Ng6 12. Rfd1 Rad8 13. Rac1 {0-1 (53) Hundack,R (2223)-Graf,F (2476) Verden/Aller 2014}) 7... Nc6 8. Nb3 {The position is equal.} Qf6 9. Bg2 {[%cal Od3d4]} Nge7 10. Qe2 O-O 11. O-O a5 12. a4 Qd6 13. Bh3 f5 14. Rfd1 Rae8 15. Qd2 f4 (15... Nd4 $1 $17 {[%cal Rd4f3]} 16. Nxd4 Qxd4) 16. d4 $15 Rd8 17. Qc3 (17. c5 $11 Qd5 18. Qc3) 17... Qh6 18. Bg2 d6 (18... exd4 $15 {should be considered.} 19. Nxd4 Nxd4 20. Qxd4 Nc6 21. Qd5+ Qe6) 19. dxe5 $1 $11 Nxe5 20. Nd4 (20. c5 $1 $11 {keeps the balance.}) 20... Qf6 $17 21. Rf1 c5 22. Ne2 g5 23. Rad1 Kh8 24. Qc1 N7c6 $36 {[%mdl 2048] Black is in control. Black is more active.} 25. b3 g4 (25... Qg7 $17) 26. Nxf4 $11 gxf3 {Threatens to win with ...Nd4.} 27. Bh3 $2 {White does not recover from this.} (27. Bh1 $1 $11 {and White has nothing to worry.}) 27... Qh6 $1 $19 ({And not} 27... Nd4 28. Rxd4 $1 cxd4 29. Ne6 $11) 28. Kh1 Nd4 {Strongly threatening ...Ne2. Pair of Knights!} ({Less strong is} 28... Rxf4 {[#]} 29. Bf5 $1 $11 {[%mdl 512]}) 29. Rg1 Rf6 {aiming for ...Ne2.} 30. Rxd4 (30. Nd5 {is more resistant.} Qxc1 31. Rxc1) 30... cxd4 31. Nd5 {[#]} (31. Qf1 $142 Rg8 32. Qc1) 31... Qxh3 $1 32. Nxf6 Rf8 {[%cal Bd8f8,Bf8f6,Bf6h6][%mdl 32]} 33. Qg5 Nd3 {[%cal Rd3f2]} 34. Qd2 Rxf6 {Black mates.} 35. Qxd3 {[#]} Qxh2+ $1 {[%mdl 512]} 36. Kxh2 Rh6# {Weighted Error Value: White=0.70/Black=0.09 (flawless)} 0-1

[Event "1st Guwahati GM Open 2022"]
[Site "Guwahati"]
[Date "2022.03.14"]
[Round "1.3"]
[White "Mosadeghpour, Masoud"]
[Black "Vijay Chauhan"]
[Result "1-0"]
[WhiteElo "2511"]
[BlackElo "1451"]
[Annotator "TA"]
[PlyCount "43"]
[EventDate "2022.03.15"]
[EventCountry "IND"]
[SourceTitle "playchess.com"]
[Source "ChessBase"]
[SourceQuality "1"]

{[%evp 10,43,22,9,58,53,60,54,55,67,100,80,118,74,80,67,74,70,68,63,74,70,59,65,72,75,77,75,309,202,511,500,504,510,483,363]} 1. e4 c6 2. d4 d5 3. Nd2 dxe4 4. Nxe4 Bf5 5. Ng3 Bg6 6. Nh3 e5 {Recently 6...Nf6 got a lot of attention. B18: Classical Caro-Kann: 4...Bf5 sidelines.} (6... Nd7 $11 {might be stronger.}) 7. dxe5 $14 {Black must now prevent Qxd8+.} Qa5+ 8. c3 {[%cal Oe5e6] Hoping for e6!} Qxe5+ {White is slightly better.} 9. Be2 Nd7 10. O-O Ngf6 11. Re1 {[#]} ({Better is} 11. Bf4 Qc5 12. Qb3) 11... O-O-O $146 ({Predecessor:} 11... Be7 12. Bf3 Qa5 13. Bf4 Kd8 14. b4 Qb6 15. Qd2 Re8 16. Rad1 Bf8 17. Rxe8+ Kxe8 {1-0 (24) Paoli,E-Reilly,B Amsterdam 1954}) 12. Qa4 $40 {[%mdl 128] Black needs to defend precisely.} Qb8 13. Bf4 Nb6 {[#]} 14. Qd1 Bd6 15. Bg4+ Nxg4 16. Qxg4+ Nd7 17. Rad1 h5 18. Qg5 {White is much more active. Black has bad knights.} Nf6 $2 {This costs Black the game.} (18... Bxf4 $16 19. Nxf4 Bc2) 19. Nf5 Ne8 {[#]} (19... Bxf4 {is tougher.} 20. Ne7+ (20. Nxf4 Rxd1 21. Rxd1 Bxf5 $16) (20. Qxf4 $2 Qxf4 21. Ne7+ Kc7 $19) 20... Kc7 21. Nxf4 (21. Qxf4+ Kb6 $18) 21... Rxd1 22. Rxd1 Rd8 23. Qa5+ b6 24. Rxd8 Kxd8 25. Nxc6+ (25. Nfxg6 $2 bxa5 26. Nxc6+ Kc7 $19) 25... Ke8) 20. Qxd8+ $3 $18 {[%mdl 512] White is clearly winning.} Kxd8 21. Nxd6 Nxd6 22. Rxd6+ {Weighted Error Value: White=0.12 (very precise) /Black=0.71} 1-0

[Event "1st Guwahati GM Open 2022"]
[Site "Guwahati"]
[Date "2022.03.14"]
[Round "1.4"]
[White "Rajashekara N"]
[Black "Fawzy, Adham"]
[Result "0-1"]
[WhiteElo "1443"]
[BlackElo "2476"]
[Annotator "TA"]
[PlyCount "85"]
[EventDate "2022.03.15"]
[EventCountry "IND"]
[SourceTitle "playchess.com"]
[Source "ChessBase"]
[SourceQuality "1"]

{[%evp 9,85,-45,-52,-62,-58,-62,-44,-38,-37,-38,-36,-95,-95,-95,-93,-91,-97,-84,-65,-77,-76,-132,-124,-177,-177,-191,-175,-259,-176,-272,-272,-271,-262,-252,-235,-262,-256,-249,-221,-218,-213,-217,-204,-216,-197,-228,-214,-212,-212,-199,-170,-180,-173,-307,-307,-310,-302,-303,-300,-297,-283,-343,-339,-325,-294,-493,-483,-484,-465,-535,-540,-531,-529,-549,-500,-570,-561,-608]} 1. e4 c5 2. Nc3 Nc6 3. f4 e6 4. Bb5 Nge7 5. a4 a6 6. Bc4 {B23: Closed Sicilian: Lines without g3.} d5 7. Ba2 {[#]} d4 $146 ({Predecessor:} 7... g6 8. d3 Bg7 9. Bd2 O-O 10. Nf3 b6 11. O-O Bb7 12. e5 Qc7 13. Ne2 b5 {0-1 (20) Guerrero,J-Diaz,T Peru 1999}) 8. Nce2 {Black is slightly better.} d3 9. cxd3 Nb4 10. Bb1 (10. d4 $15) 10... Nxd3+ $17 11. Bxd3 Qxd3 12. Ng3 Nc6 $36 {[%mdl 2048] [#] aiming for ...Nb4. Black has strong initiative.} 13. Ra3 Qd8 {Black is much more active. White has bad knights.} 14. Nf3 {Inhibits e5.} c4 15. Re3 (15. Rc3 $142) 15... Bc5 16. d4 (16. Rc3 $17) 16... Nxd4 $19 17. Nxd4 Qxd4 18. Re2 (18. Qxd4 {was worth a try.} Bxd4 19. Re2) 18... Qxd1+ 19. Kxd1 Bd7 20. a5 Ba4+ 21. Ke1 O-O-O {[%csl Ga4][%cal Rd8d1] [#]} 22. Bd2 c3 23. bxc3 Bb5 {This bishop pair is nice.} 24. Be3 Bxe2 25. Bxc5 Bd3 26. Kf2 f6 27. Bd4 Rhf8 28. Ke3 Bc4 {[%cal Oe6e5]} 29. e5 fxe5 30. fxe5 Bd5 31. Ne4 (31. Rg1 $142) 31... Bxe4 32. Kxe4 {[%mdl 4096] Endgame KRR-KRB} Rd5 33. Ra1 Rb5 34. Ra2 Rb1 35. Bb6 Re1+ 36. Be3 g5 {[%cal Bg7g5,Bg5g4][%mdl 32]} 37. g3 $2 (37. Kd3) 37... g4 {Strongly threatening ...Rf3. Black is clearly winning.} 38. Kd4 Rf3 39. Bf4 Rd1+ 40. Kc4 Rdd3 41. Rc2 Rd5 42. Ra2 Kc7 43. Kb4 {Weighted Error Value: White=0.27 (precise) /Black=0.06 (flawless)} 0-1

[Event "1st Guwahati GM Open 2022"]
[Site "Guwahati"]
[Date "2022.03.14"]
[Round "1.5"]
[White "Mirzoev, Azer"]
[Black "Kirison Engti"]
[Result "1-0"]
[WhiteElo "2468"]
[BlackElo "1435"]
[Annotator "TA"]
[PlyCount "101"]
[EventDate "2022.03.15"]
[EventCountry "IND"]
[SourceTitle "playchess.com"]
[Source "ChessBase"]
[SourceQuality "1"]

{[%evp 10,101,66,70,74,69,62,73,63,53,52,54,52,50,60,43,68,56,95,95,95,85,90,80,97,85,95,106,111,114,181,180,256,257,299,293,305,306,288,262,316,327,322,297,340,308,310,289,332,343,353,360,467,455,497,478,458,333,406,400,481,414,394,366,506,497,688,682,684,668,772,726,734,607,706,693,1081,671,648,635,1317,1283,1250,1190,29983,29984,29987,29988,29987,29988,29988,29989,12846,1811]} 1. c4 Nf6 2. Nc3 e6 3. Nf3 Be7 4. e4 d6 5. d4 {[%cal Bd2d4,Bd4d5][%mdl 32]} O-O 6. Bd3 Nc6 {A18: English Opening: Flohr-Mikenas System (1 c4 Nf6 2 Nc3 e6 3 e4).} 7. O-O e5 8. d5 Nb4 {White is better.} 9. Bb1 {[#]} Bg4 $146 ({Predecessor:} 9... a5 10. a3 Na6 11. h3 Bd7 12. Be3 c5 13. Nd2 Nc7 14. Bd3 Nfe8 15. f4 f6 {0-1 (57) Didinger,E (1891)-Preiss,W (1797) Nordrheinwestfalen 2019}) 10. a3 Na6 11. h3 Bh5 12. Re1 Qc8 13. Be3 c5 14. Bd3 Nc7 15. b4 {White is more active.} b6 16. Rb1 Na6 17. Bd2 h6 18. Qe2 Kh8 19. Nd1 {[%cal Bc3d1,Bd1e3,Be3f5][%mdl 32]} g5 (19... Nh7 $16 {was necessary.}) 20. Ne3 $18 Qd7 (20... Rg8 $142 21. Nf5 Qf8) 21. Nf5 Kh7 22. Qe3 {[%cal Of3g5] [#] Black must now prevent Nxg5+!} Bxf3 23. Qxf3 ({Not} 23. gxf3 Nh5 $16) 23... Rg8 24. g3 Bf8 25. Kg2 Rg6 26. Qd1 Bg7 27. Bc2 {[%cal Bd3c2,Bc2a4,Ba4b5][%mdl 32]} Rh8 28. Ba4 Qd8 29. Bb5 Nc7 30. Bc6 Bf8 31. bxc5 dxc5 32. Bc3 Bd6 33. a4 Nce8 34. a5 Nd7 35. axb6 Nxb6 36. Ra1 {[%cal Bb1a1,Ba1a7,Ba7d7][%mdl 32]} Qc7 37. Qe2 Ng7 38. Nxd6 Qxd6 39. Rxa7 Rf8 40. Rb1 Nc8 41. Rd7 Qf6 42. Rb8 Kg8 43. Qf3 Qxf3+ 44. Kxf3 {[%cal Bg2f3,Bf3e4,Be4f5][%mdl 32]} f5 45. Bxe5 fxe4+ 46. Kxe4 {Threatens to win with d6.} Nf5 {[#] Inhibits d6.} 47. Rxc8 $1 Nxg3+ (47... Nd4 48. Rdd8) 48. fxg3 Rxc8 49. Kf5 Rgxc6 50. dxc6 Rxc6 51. Rc7 {Weighted Error Value: White=0.22 (precise) /Black=0.46} 1-0

[Event "1st Guwahati GM Open 2022"]
[Site "Guwahati"]
[Date "2022.03.14"]
[Round "1.6"]
[White "Nilkamal Das"]
[Black "Tahbaz, Arash"]
[Result "0-1"]
[WhiteElo "1430"]
[BlackElo "2469"]
[Annotator "TA"]
[PlyCount "62"]
[EventDate "2022.03.15"]
[EventCountry "IND"]
[SourceTitle "playchess.com"]
[Source "ChessBase"]
[SourceQuality "1"]

{[%evp 17,62,0,3,0,0,0,0,0,0,0,0,0,0,0,0,0,23,16,41,-193,-157,-161,-156,-292,-290,-289,-279,-412,-429,-699,-690,-683,-681,-673,-683,-1211,-1198,-1156,-1188,-1180,-1147,-1427,-1119,-29986,-29987,-29991,-29992]} 1. d4 Nf6 2. Nf3 g6 3. e3 Bg7 4. Be2 O-O 5. O-O d6 6. c4 Nbd7 7. Nc3 e5 8. dxe5 dxe5 9. Qc2 Re8 10. e4 {E61: King's Indian: Early deviations for White, including Smyslov System.} c6 11. h3 Qe7 12. Be3 {The position is equal.} Nh5 {[%cal Bf6h5,Bh5f4,Bf4e6][%mdl 32]} 13. Rfd1 Nf4 14. Bf1 Qf6 {[%cal Of4h3]} 15. g3 Ne6 16. Bg2 {[#]} Bf8 $146 {[%cal Bg7f8,Bf8c5,Bc5b6][%mdl 32]} ({Predecessor:} 16... a5 17. Na4 c5 18. Nc3 Nd4 19. Nxd4 cxd4 20. Nd5 Qc6 21. Bd2 b6 22. b4 axb4 23. Bxb4 {1-0 (36) Ambarish,S (1880)-Saiful Islam,C (2159) Dhaka 2019}) 17. a3 Bc5 18. Nd5 $2 {Now White is beyond hope.} cxd5 $19 19. cxd5 Nd4 20. Nxd4 (20. Bxd4 $17 {only move.} exd4 21. e5) 20... exd4 ({Weaker is} 20... Bxd4 21. Bxd4 exd4 22. Rac1 $17) 21. Bf4 Bb6 22. b4 (22. Bc7 $142) 22... g5 23. e5 (23. Bc1 $142) 23... Nxe5 24. Bxe5 Rxe5 25. Rd3 Bf5 {[%cal Bc8f5,Bf5c2,Bc2d3][%mdl 32] [#] Hoping for ...Rc8.} 26. Rf3 Bxc2 27. Rxf6 d3 {[%cal Bd4d3,Bd3d2][%mdl 32] Threatens to win with ...d2.} 28. Bf3 Kg7 29. Rd6 d2 {[#] ( -> ...Re1+)} 30. Rf1 Re1 31. Rd7 Bd3 {Weighted Error Value: White=1.04/Black=0.02 (flawless)} 0-1

[Event "1st Guwahati GM Open 2022"]
[Site "Guwahati"]
[Date "2022.03.14"]
[Round "1.7"]
[White "Rios, Cristhian Camilo"]
[Black "Hiranya Das"]
[Result "1-0"]
[WhiteElo "2449"]
[BlackElo "1411"]
[Annotator "TA"]
[PlyCount "55"]
[EventDate "2022.03.15"]
[EventCountry "IND"]
[SourceTitle "playchess.com"]
[Source "ChessBase"]
[SourceQuality "1"]

{[%evp 13,55,27,58,43,232,239,243,281,371,361,425,410,516,512,514,518,505,517,523,515,484,451,448,445,667,661,925,910,974,934,938,928,1080,1118,29984,29978,29990,29991,29991,29992,29994,29995,29995,29996]} 1. d4 Nf6 2. c4 g6 3. f3 Bg7 4. e4 {[%cal Be2e4,Be4e5][%mdl 32]} O-O 5. Nc3 d6 6. Bg5 Nbd7 7. Qd2 Re8 8. O-O-O {[%cal Oe4e5] [#] E81: King's Indian: Sämisch: 6th move deviations (including 6 Be3 c6).} b6 $146 {[#]} ({Better is} 8... c5 $14) ({Predecessor:} 8... Nb6 9. c5 dxc5 10. dxc5 Qxd2+ 11. Rxd2 Nbd7 12. Nb5 Rf8 13. Nxc7 Rb8 14. Be3 Ne5 15. Nd5 Nxd5 16. exd5 {1-0 (31) Benderac,A (2180)-Ljubicic,A (1544) Valjevo 2020}) 9. e5 $1 $18 Nh5 10. g4 {White is clearly better.} dxe5 11. dxe5 ({Less strong is} 11. gxh5 exd4 12. Nb5 c5 $16) 11... Bxe5 12. gxh5 f6 13. Qd5+ e6 14. Qxa8 fxg5 15. hxg6 Qf6 16. gxh7+ Kh8 17. Nge2 Nc5 18. f4 gxf4 (18... Bxc3 $142 19. Nxc3 Rf8) 19. Rg1 f3 20. Rg8+ Rxg8 21. hxg8=R+ Kxg8 22. Qxc8+ Kg7 23. Ng3 {[#] Nh5+ is the strong threat.} Bxc3 24. Nh5+ {White mates.} Kh6 25. Nxf6 Bxf6 26. b4 Na4 27. Qxe6 Kg5 28. Rd5+ {Black did not feel at home in the position after the opening.  Weighted Error Value: White=0.06 (flawless) /Black=1.02} 1-0

[Event "1st Guwahati GM Open 2022"]
[Site "Guwahati"]
[Date "2022.03.14"]
[Round "1.8"]
[White "Arshiya Das"]
[Black "Nigmatov, Ortik"]
[Result "1/2-1/2"]
[WhiteElo "1407"]
[BlackElo "2445"]
[Annotator "TA"]
[PlyCount "154"]
[EventDate "2022.03.15"]
[EventCountry "IND"]
[SourceTitle "playchess.com"]
[Source "ChessBase"]
[SourceQuality "1"]

{[%evp 19,154,-25,-33,-64,-75,-91,-58,-129,0,4,62,70,109,102,104,112,106,111,109,95,134,106,186,133,131,119,125,106,131,102,110,110,110,110,110,110,110,110,110,110,110,110,110,110,110,109,110,109,114,47,59,52,52,52,53,65,69,73,110,110,110,32,110,110,110,110,136,136,136,127,153,110,110,110,110,110,110,110,110,110,110,110,110,110,110,110,110,110,110,110,110,110,153,153,153,145,145,0,121,0,0,0,0,0,0,0,0,14,70,0,70,0,81,82,82,89,89,0,0,0,0,0,0,0,0,0,0,0,0,0,0,0,0,0,0,0,0]} 1. e4 c5 2. Nf3 e6 3. d3 Nc6 4. Nbd2 d5 5. g3 g6 6. Bg2 Bg7 7. O-O Nge7 8. Re1 b6 9. e5 Qc7 10. Qe2 h6 {[#]} 11. Nb1 $146 {A08: King's Indian Attack.} ({Predecessor:} 11. h4 g5 12. hxg5 hxg5 13. Nxg5 Qxe5 14. Qxe5 Nxe5 15. Nc4 Nxc4 16. dxc4 Bb7 17. c3 Rd8 18. a4 O-O {½-½ (51) Kovalev,V (2650)-Ruck,R (2529) Batumi 2018}) 11... g5 $1 12. c3 Ba6 {And now ...Ng6 would win.} 13. c4 (13. Qd1 $15) 13... d4 (13... g4 14. Nh4) (13... dxc4 $17 14. dxc4 Rd8) 14. Na3 $11 {White wants to play Nb5.} Rd8 (14... Qd7 $11) 15. Nb5 $14 Bxb5 16. cxb5 Nb4 17. a3 $1 Nbd5 18. Nd2 Ng6 {[%cal Rg6e5]} 19. Nc4 Bf8 20. Be4 Rg8 (20... Be7 $16) 21. Kh1 (21. Bd2 $18) 21... Be7 $16 22. Bg2 Kf8 23. Qh5 Kg7 {[%cal Oa7a6]} 24. Rf1 Nxe5 25. Nxe5 Qxe5 26. f4 Qc7 27. fxg5 Bxg5 28. Bxg5 hxg5 29. Qxg5+ (29. Be4 $6 Kf8 $11) 29... Kf8 {[#]} 30. Rxf7+ $1 {[%mdl 512]} Qxf7 31. Qxd8+ Kg7 32. Qg5+ Qg6 33. Qxg6+ Kxg6 34. Bxd5 (34. b3 $16) 34... exd5 {[%mdl 4096] Endgame KR-KR} 35. Re1 {Prevents Re8.} c4 36. dxc4 $1 dxc4 37. Kg2 Rc8 38. Rd1 c3 39. bxc3 dxc3 40. Kf3 ({Better is} 40. Rc1 $1 $16) 40... Kf5 ({Black should try} 40... Rh8 $1 $14) 41. Ke3 c2 42. Rc1 Rc3+ 43. Kd4 $1 ({Reject} 43. Kd2 $6 Rxa3 44. Rf1+ (44. Kxc2 Ra2+ 45. Kb3 Rxh2 $11) (44. Rxc2 Rb3 $11) 44... Kg6 $11) 43... Rxa3 44. Rxc2 Kg4 45. Kc4 {Inhibits Rb3.} (45. Rc4 $142) 45... Kh3 46. Rb2 a6 47. bxa6 Rxa6 48. Kb5 Ra8 49. Rc2 Rb8 50. Rd2 Rc8 51. Kxb6 Rc1 52. Kb5 Rc8 53. Kb4 Rc7 54. Kb3 Rc8 55. Rc2 Rd8 (55... Ra8 $142) 56. Kc3 $1 Rd7 {[#]} 57. Rd2 $1 Re7 58. Kc2 (58. Kd4 $16) 58... Re6 (58... Re3 $11 {remains equal.}) 59. Kd1 (59. Kd3 $16) 59... Re8 60. Re2 Ra8 61. Kd2 Ra3 $1 62. Kc2 Rf3 $1 63. Rd2 Ra3 64. Re2 Rf3 $1 65. Kd2 Ra3 $1 {[#]} 66. Rf2 $1 {Prevents Rf3.} Rb3 67. Ke2 Ra3 68. Rf3 (68. Kd1 $16) 68... Ra2+ $11 {The position is equal.} 69. Ke3 Rxh2 70. Kf4 {g4+ would kill now.} Ra2 71. g4+ Kh4 $1 72. Rf1 Ra4+ 73. Kf5 Ra5+ 74. Kf4 {[%cal Rf1h1]} Ra4+ 75. Kf5 {White wants to mate with Rh1+.} Ra5+ 76. Kf4 {[%cal Rf1h1]} Ra4+ 77. Kf5 {Black must now prevent Rh1+.} Ra5+ {Weighted Error Value: White=0.15 (very precise) /Black=0.22 (precise)} 1/2-1/2

[Event "1st Guwahati GM Open 2022"]
[Site "Guwahati"]
[Date "2022.03.14"]
[Round "1.9"]
[White "Debashish Deb Purakaystha"]
[Black "Abdisalimov, Abdimalik"]
[Result "0-1"]
[WhiteElo "1403"]
[BlackElo "2435"]
[Annotator "TA"]
[PlyCount "52"]
[EventDate "2022.03.15"]
[EventCountry "IND"]
[SourceTitle "playchess.com"]
[Source "ChessBase"]
[SourceQuality "1"]

{[%evp 9,52,-26,-13,-36,-18,-62,-64,-85,-25,-102,-101,-112,-94,-137,-140,-135,-125,-149,-145,-202,-206,-192,-125,-201,-202,-205,-170,-182,-160,-220,-204,-254,-233,-297,-294,-303,-287,-297,-282,-371,-374,-515,-498,-529,-510]} 1. e4 c5 2. d3 Nc6 3. Nf3 Nf6 4. Be2 d5 5. exd5 Nxd5 6. c3 {B30: Sicilian: 2...Nc6 3 Bb5, lines without ...g6.} g6 7. h3 (7. d4 $11 {is superior.}) 7... Bg7 {[#]} 8. Nbd2 $146 {Black is slightly better.} ({Predecessor:} 8. a3 O-O 9. O-O Qc7 10. Nh2 e5 11. Re1 f5 12. Bf3 Be6 13. c4 Nf6 14. Be3 {0-1 (38) Herschmann,H (1362)-Sloan,C (1762) Hampstead 2013}) 8... Nf4 {Black is more active.} (8... e5 $17) 9. Ne4 (9. Nb3 $1 $11 Nxe2 10. Qxe2) 9... Nxe2 $17 (9... Nxg2+ $2 10. Kf1 $18) 10. Qxe2 b6 11. Bf4 ({Better is} 11. O-O) 11... O-O 12. O-O Ba6 $36 {[%mdl 2048] Black has strong initiative.} 13. Rfd1 e5 14. Bh2 (14. Bg5 $17 f6 15. Bh4) 14... f5 $19 15. Neg5 Qd5 {Prevents Ne6.} (15... e4 $19 {Strongly threatening ...Re8.} 16. Ne6 {[#]} exf3 $1 17. Qxf3 Qd7 18. Nxf8 Rxf8) 16. h4 (16. b4 $17 {was called for.}) 16... h6 17. Nh3 Rae8 18. Qc2 Rf7 {[%cal Bf8f7,Bf7d7,Bd7d5][%mdl 32]} 19. Qb3 (19. Qa4 $17 {is a better defense.} Bb7 20. Nd2) 19... Rd7 {[%cal Oa6d3]} 20. Qxd5+ Rxd5 21. d4 Be2 ({But not} 21... exd4 $2 22. Nf4 Rdd8 23. Nxg6 $19) 22. Re1 Bxf3 ({Less strong is} 22... exd4 23. Nf4 dxc3 24. bxc3 (24. Nxd5 cxb2 25. Rab1 Kf7 $15) 24... Bxc3 25. Nxd5 $14) 23. gxf3 {[%cal Oh3f4]} cxd4 24. cxd4 Nxd4 {[%cal Bc6d4,Bd4f3,Bf3h4][%mdl 32]} 25. Red1 Nxf3+ 26. Kg2 Nxh4+ {Weighted Error Value: White=0.45/Black=0.16 (very precise)} 0-1